000 01177cam a2200337 4500
008 020805n2001 000 0 eng u
020 _a0952162571
035 _a(Sirsi) u119213
041 _aeng.
050 _a346.41043
_c18
100 _aBarsby, A.
245 _aCaravan sites and mobile home parks : the legal framework
250 _a2nd ed.
260 _aSurrey
_bA.W. & C. Barsby
_c2001
300 _a223p.
_c25cm.
350 _a35
520 _aProvides a practical explanation of the legislation that applies to this specialised area of the law: the Caravan Sites and Control of Development Act 1960; the Caravan Sites Act 1968; and the Mobile Homes Act 1983. Also deals in outline with wider legal issues which affect caravan sites and mobile home parks.
650 _aCARAVAN SITES AND CONTROL OF DEVELOPMENT ACT 1960
650 _aCARAVAN SITES ACT 1968
650 _aMOBILE HOMES ACT 1983
650 _aCARAVAN SITES
650 _aMOBILE HOME PARKS
650 _aLICENSING
650 _aPLANNING
650 _aGYPSIES
650 _aLOCAL AUTHORITIES
650 _aCRIMINAL LAW
650 _aCIVIL LAW
690 _aLAW
942 _n0
999 _c102271
_d102271